Riconosci la Squadra di calcio - Quiz n°71 - Statistics

Statistiche generali
  • Questo quiz è stato fatto 10 volte
  • Il punteggio medio è 10 su 13
Statistiche sulle risposte
Indizio Risposta % Corretto
Colori sociali Arancione, nero, verde
100%
Simboli Leone di San Marco
89%
Trofei internazionali 0
78%
Capienza Stadio 11 150 posti
78%
Fondazione 1907
78%
Trofei nazionali 1 Coppe Italia 1 Coppe Italia Serie C/Lega Pro
78%
Rifondazione 2005
78%
Rifondazione 2009
78%
Rifondazione 2015
78%
Titoli nazionali 2 campionati di Serie B
1 campionato di Serie C
1 Scudetto Serie D
78%
Divisione nazionale 2023-2024 Seconda
78%
Confederazione UEFA
78%
Squadra Venezia
78%
Nessun quiz corrispondente trovato
Distribuzione punteggi
Percentuale di utenti per punteggio
Percentile per numero di risposta
I tuoi punteggi nel tempo
Non hai fatto questo quiz